Copa do Mundo - Time das Estrelas 2018 - Statistics

Estatísticas Gerais
  • Esse quiz foi jogado 158 vezes
  • A pontuação média é 8 de 11
Estatísticas das Respostas
Posição Seleção Jogador % Correto
Goleiro Bélgica Thibaut Courtois
95%
Atacante Inglaterra Harry Kane
94%
Defesa Brasil Thiago Silva
93%
Meio Campo Croácia Luka Modrić
92%
Meio Campo Brasil Philippe Coutinho
82%
Atacante Bélgica Eden Hazard
80%
Atacante França Antoine Griezmann
78%
Defesa França Raphaël Varane
78%
Defesa Colômbia Yerry Mina
60%
Meio Campo Rússia Denis Cheryshev
25%
Defesa Suécia Andreas Granqvist
12%
Nenhum quiz correspondente encontrado
Distribuição das Pontuações
Porcentagem de Pessoas com Cada Pontuação
Percentil de Números Respondidos
Sua Pontuação Histórica
Você não jogou esse quiz